000 00609nam a2200181 i 4500
001 95945
003 ES-MaACL
005 20230906181816.0
007 t|
008 050608s1957 sp ||||1| spa d
100 1 _aMac-Veigh Alfós, Jaime.
_975046
245 1 0 _aEnsayo sobre un programa de energía nuclear en España /
_cJaime Mac-Veigh Alfós.
260 _aMadrid :
_bServicio de Estudios del Banco Urquijo,
_c1957.
300 _a93 p., 5 h. :
_bil. ;
_c26 cm.
650 4 _aEnergía nuclear.
_912254
710 2 _aBanco Urquijo.
_bServicio de Estudios.
_92139
852 _aES-MaACL
_j1972-F-18
_bR.40305
999 _c95945
_d95945